Wave transmission and fiber optics / (Record no. 184329)
[ view plain ]
| 000 -LEADER | |
|---|---|
| fixed length control field | 01116 a2200217 4500 |
| 003 - CONTROL NUMBER IDENTIFIER | |
| control field | Nust |
| 005 - DATE AND TIME OF LATEST TRANSACTION | |
| control field | 20221202110242.0 |
| 010 ## - LIBRARY OF CONGRESS CONTROL NUMBER | |
| LC control number | 89031737 |
| 020 ## - INTERNATIONAL STANDARD BOOK NUMBER | |
| International Standard Book Number | 0023287616 |
| 040 ## - CATALOGING SOURCE | |
| Transcribing agency | Nust |
| 082 00 - DEWEY DECIMAL CLASSIFICATION NUMBER | |
| Classification number | 539.2,DIA |
| 100 1# - MAIN ENTRY--PERSONAL NAME | |
| Personal name | Diament, Paul. |
| 9 (RLIN) | 61662 |
| 245 10 - TITLE STATEMENT | |
| Title | Wave transmission and fiber optics / |
| Statement of responsibility, etc. | Paul Diament. |
| 260 ## - PUBLICATION, DISTRIBUTION, ETC. | |
| Place of publication, distribution, etc. | New York : |
| Name of publisher, distributor, etc. | Macmillan, |
| Date of publication, distribution, etc. | c1990. |
| 300 ## - PHYSICAL DESCRIPTION | |
| Extent | xxii, 322 p. : |
| Other physical details | ill. ; |
| Dimensions | 24 cm. |
| 505 ## - FORMATTED CONTENTS NOTE | |
| Formatted contents note | Introduction (Page-1), What Is Wave? (Page-2), Maxwell’s Equations (Page-21), Field Energetic (Page-39), Waves In The Frequency Domain (Page-50), Wave Dispersion And Complex Power (Page-69), Waves In Conducting Media (Page-94), Waves Across Interface (Page-111), Oblique Incidence (Page-145), Total Internal Reflection (Page-167), Transmission Lines (Page-181), Conducting Waveguides (Page-206), Dielectric Slab Waveguides (Page-233), Dielectric Cylinders And Optical Fibers (Page-256), Practical Versions Of Optical Fibers (Page-270). |
| 650 #0 - SUBJECT ADDED ENTRY--TOPICAL TERM | |
| Topical term or geographic name entry element | Electromagnetic waves |
| General subdivision | Transmission. |
| 650 #0 - SUBJECT ADDED ENTRY--TOPICAL TERM | |
| Topical term or geographic name entry element | Fiber optics. |
| 9 (RLIN) | 58050 |
| 650 #0 - SUBJECT ADDED ENTRY--TOPICAL TERM | |
| Topical term or geographic name entry element | Waves. |
| 9 (RLIN) | 103442 |
| 942 ## - ADDED ENTRY ELEMENTS (KOHA) | |
| Source of classification or shelving scheme | |
| Koha item type | Book |
| Call number prefix | 539.2,DIA |
| Withdrawn status | Lost status | Source of classification or shelving scheme | Damaged status | Not for loan | Permanent Location | Current Location | Shelving location | Date acquired | Full call number | Barcode | Date last seen | Price effective from | Koha item type | Public note |
|---|---|---|---|---|---|---|---|---|---|---|---|---|---|---|
| Military College of Signals (MCS) | Military College of Signals (MCS) | General Stacks | 12/12/2016 | 539.2,DIA | MCS21120 | 12/08/2016 | 12/12/2016 | Book | Almirah No.16, Shelf No.6 | |||||
| Military College of Signals (MCS) | Military College of Signals (MCS) | General Stacks | 12/12/2016 | 539.2,DIA | MCS23088 | 12/08/2016 | 12/12/2016 | Book | Almirah No.77, Shelf No.3 | |||||
| Military College of Signals (MCS) | Military College of Signals (MCS) | General Stacks | 12/12/2016 | 539.2,DIA | MCS5776 | 12/08/2016 | 12/12/2016 | Book | Almirah No.16, Shelf No.6 | |||||
| Military College of Signals (MCS) | Military College of Signals (MCS) | General Stacks | 12/12/2016 | 539.2,DIA | MCS6087 | 12/08/2016 | 12/12/2016 | Book | Almirah No.77, Shelf No.3 |
